LIBRARY & INFORMATION CENTRE, KCAET, TAVANUR

ONLINE PUBLIC ACCESS CATALOGUE (OPAC)

Chromium plating its mechanical applications (Record no. 15501)

MARC details
000 -LEADER
fixed length control field 00362nam a22001337a 4500
003 - CONTROL NUMBER IDENTIFIER
control field OSt
008 - FIXED-LENGTH DATA ELEMENTS--GENERAL INFORMATION
fixed length control field 180813b ||||| |||| 00| 0 eng d
082 ## - DEWEY DECIMAL CLASSIFICATION NUMBER
Classification number 671.732
Item number MAC/CH
245 ## - TITLE STATEMENT
Title Chromium plating its mechanical applications
260 ## - PUBLICATION, DISTRIBUTION, ETC. (IMPRINT)
Place of publication London
Name of publisher The machinery publishing
Year of publication 1959
300 ## - PHYSICAL DESCRIPTION
Number of Pages 56
490 ## - SERIES STATEMENT
Series statement Machinery's yellow back series no.5
942 ## - ADDED ENTRY ELEMENTS (KOHA)
Koha item type Books
Holdings
Withdrawn status Lost status Damaged status Home library Current library Date acquired Full call number Accession Number Koha item type
Withdrawn     KAUAET KAUAET 13/08/2018 671.732 MAC/CH 3849 Books
free website counter